000 nam a22 7a 4500
999 _c8448
_d8448
008 180116b ||||| |||| 00| 0 eng d
100 _94848
_aGANDHI.P
245 _aBUSINESS STUDIES -XII
260 _aNEW DELHI
_bARYA PUB
_c2017